| 000 | 00673nam a22002297a 4500 | ||
|---|---|---|---|
| 999 |
_c20833 _d20833 |
||
| 003 | AR-CdUCM | ||
| 008 | 190314b ||||| |||| 00| 0 spa d | ||
| 040 |
_aMUNICIPALIDAD PROVINCIAL DEL CUSCO _cBIBLIOTECA MUNICIPAL DEL CUSCO |
||
| 082 |
_a869.57 / _bP26 |
||
| 100 |
_aParedes Catunta, Henry _918099 |
||
| 245 | _aEncantos de Huarochirí / | ||
| 260 |
_aLima : _bYaneet, _c2015. |
||
| 300 |
_a39 páginas ; _c16 cm. _bIlustraciones, |
||
| 505 | _aContenido : Poemas | ||
| 650 |
_aPoesía _9444 |
||
| 650 |
_aPoetas cusqueños _95956 |
||
| 650 |
_aCanas _918100 |
||
| 650 |
_aLiteratura _9416 |
||
| 650 |
_aYanaoca _941297 |
||
| 942 |
_2ddc _cLIBROS |
||
| 945 | _aAndy | ||